000 01229nam a22003135a 4500
001 C01539904c-3
003 CO-ViMGA
005 20230915234538.0
008 160914s2016 ck gr 000 0 spa d
020 _a9789588984025
040 _aCO-ViMGA
_bspa
_cCO-ViMGA
043 _as-ck---
082 0 4 _a796.6
_bR35r
100 1 _aRendell, Matt,
_d1965-
_99589
245 1 0 _aReyes de las montañas :
_bde cómo los héroes del ciclismo colombiano incidieron en la historia del país /
_cMatt Rendell ; traducción de Juan Manuel Pombo Abondano.
260 _aBogotá :
_bSemana Libros,
_c2016.
300 _a342 páginas ;
_c23 cm.
490 1 _aColección Carácter
600 0 4 _aCochise,
_d1942-
_v Biografías.
_99592
600 1 4 _aBotero, Santiago,
_d1972-
_v Biografías.
_99594
600 1 4 _aForero, Efraín,
_d1930-
_v Biografías.
_99591
600 1 4 _aHerrera Herrera, Luis Alberto,
_d1961-
_v Biografías.
_99590
600 1 4 _aParra, Fabio,
_d1959-
_v Biografías.
_99593
650 1 4 _aCiclismo
_z Colombia.
_99595
650 1 4 _aCiclistas colombianos
_v Biografías.
_99597
650 1 4 _aCiclistas colombianos
_v Entrevistas.
_99596
700 1 _aPombo Abondano, Juan Manuel,
_etraductor.
_99598
942 _2ddc
_cBK
999 _c37978
_d37978